000 00391nam a2200145Ia 4500
008 230917s9999||||xx |||||||||||||| ||und||
040 _e76733
_aMAIN
041 _aEnglish
082 _a658.4 I2M
100 _aIndian Institute of Management
245 0 _aManagement at the frontiers
260 _aAhmedabad
_bIndian Institute of Management
_c1998
300 _aviii, 450 p.
942 _cBK
999 _c101967
_d101967